00966 2200337 4500001002100000005001500021035002000036007000300056040001700059100003200076245009000108300003200198020002200230041000800252082001100260084001700271090002200288264003100310336002100341337003000362338002300392500002800415650001200443700004600455850001000501008004100511990001900552990001900571990001900590990001900609INLIS00000000000592020260421025451 a0010-0322000164ta aSBPUPADbind0 aSuparman MarzukiePengarang1 aPolitik Hukum :bHak Asasi Manusia /cSuparman Marzuki;editor, Novietha Indra Sallama av, 277 hlm. :bilus ;c23cm a978-602-241-862-70 aind a341.48 a341.48 SUP p a341.48 SUP p 11-5 aJakarta :bErlangga,c2014 2rdacontentaTeks 2rdamediaaTanpa Perantara 2rdacarrieravolume aprofil penulis, 280 hlm 4aPolitik0 aeditor, Novietha Indra SallamaePengarang aPUPAD260421 0  a23038/B/KAPD16 a23039/B/KAPD16 a23036/B/KAPD16 a23037/B/KAPD16